Statistics for Countries With the Lowest Percent of Population in Capital

Click here to take the quiz!

General Stats

  • This quiz has been taken 90 times
  • The average score is 10 of 20

Answer Stats

% Country % Correct
0.41United States
94%
1.1India
89%
1.33Brazil
89%
0.52China
88%
1.53Australia
88%
2.55Canada
87%
0.45Nigeria
74%
0.48Pakistan
73%
1.74Myanmar
48%
0.80Tanzania
38%
0.51Switzerland
37%
3.31Ethiopia
33%
3.38France
33%
0.58Sri Lanka
30%
2.24Ivory Coast
26%
1.87Palau
21%
0.45Malta
20%
3.30South Sudan
16%
1.88Gambia
15%
2.17Benin
15%

Score Distribution

Percentile by Number Answered

Percent of People with Each Score

Your Score History

You have not taken this quiz